000 00269nam a2200109Ia 4500
008 220623s9999 xx 000 0 und d
020 _a9781405405515
082 _a641.822 PRAC
100 _aNO AUTHOR EDITORS ONLY
245 0 _aPRACTICAL PASTA & ITALIAN
942 _cBK
_w561
_xJohn Tresidder
_y561
_zJohn Tresidder
999 _c677611
_d677610